| 000 | 00580nam a2200193Ia 4500 | ||
|---|---|---|---|
| 003 | OSt | ||
| 005 | 20200814112914.0 | ||
| 008 | 190216s9999||||xx |||||||||||||| ||und|| | ||
| 020 | _a9788131522691 | ||
| 040 | _coclc | ||
| 082 |
_a543 _bSKO/F |
||
| 100 |
_aSkoog, Douglas A _94125 |
||
| 245 | 0 |
_aFundamentals Of Analytical Chemistry / _cDouglas A Skoog ; Donald M West F James Holler ; S R Crouch |
|
| 250 | _a9th Ed. | ||
| 260 |
_bCengage Learning, _c2014. _aDelhi: |
||
| 300 | _a1100p | ||
| 650 | _aChemistry | ||
| 942 |
_cBK _2ddc _h543 _iSKO/F _k543 _mSKO/F |
||
| 999 |
_c3657 _d3657 |
||